000 00499cam a2200193 4500
001 135
005 20181127160529.0
008 710923s1971 ii 001 0 eng
010 _a 73919620
020 _a8170122872
_c
_z
043 _aa-ii---
100 1 _aSingh, Avtar,
_d1932-
245 1 0 _aCompany law.
246 _aIndian company law
_b
_f
_h
_i
_n
_p
250 _a15th ed.
260 _aLucknow :
_bEastern Book Co.,
_cc2007
300 _acxxv, 813 p. ;
_c22 cm.
650 0 _aCorporation law
_zIndia.
999 _c120
_d120